00813nam a2200205 a 450000100100000000500170001000800410002704000250006808200150009310000300010824500420013826000320018030000280021249000200024050000760026050400410033683000270037795201860040499900170059000003491420200930074001.0111021s1965 mx a 000 0 spa d aDO-SdBNPbspacBNPHU axxxxbxxxx1 aL. Carson, Hampton96048010aHerencia y vida /cHampton L. Carson. aMéxico, :bLimusa,c1965. a282 p. :bil. ;c20 cm.1 aEl mundo de hoy aPerteneció a la biblioteca personal de Juan Isidro Jimenes Grullón. aIncluye referencias bibliográficas 0aEl mundo de hoy949979 001050718MOaGRbGRcHDd2011-10-21iLF1l0oxxxx xxxxp34914-10r2020-06-25w2020-06-25y1zPerteneció a la biblioteca personal de Juan Isidro Jimenes Grullón.ZNo se presta c34405d34405